000 00243nam a2200097Ia 4500
001 794599
005 20250826170711.0
008 250824s9999 xx 000 0 und d
245 0 _aYAŞLI ADAM VE DENİZ
_cHAMINGWAY
260 _bAKVARYUM YAYINLARI
999 _c794599
_d794599